00718nam a2200193Ia 4500008004100000020002200041050002500063100001600088245007800104260002500182300001700207500005200224650001900276650004700295650004100342942000700383952011700390999001700507120626s9999 xx 000 0 und d a978-607-7686-53-804aZ253.532A34 A67 20091 aMEDIAactive10aAprender Indesign CS4: con 100 ejercicios prácticoscautor, MEDIAactive aMéxico bAlfaomega a213 paginas. aContiene: índice de contenido\ presentación17aADOBE INDESIGN17aRETICULAS (DISEÑO GRÁFICO) - SOFTWARE17aEDICIÓN POR COMPUTADORA - MANUALES cLB 00104070a07b07d2012-03-02l7m1oZ253.532A34 A67 2009p07 003233r2015-01-12s2015-01-05t1w2012-06-26yLB c67968d67968